Statistics for Sneaker Logos

Click here to take the quiz!

General Stats

  • This quiz has been taken 87 times
  • The average score is 7 of 10

Answer Stats

Answer% Correct
Adidas
100%
Nike
97%
Puma
97%
New Balance
96%
Converse
88%
Air Jordan
75%
Asics
67%
Reebok
47%
Balenciaga
28%
Veja
25%

Score Distribution

Percentile by Number Answered

Percent of People with Each Score

Your Score History

You have not taken this quiz